Vista normal Vista MARC

Entrada Nombre personal

Número de registros utilizados en: 3

001 - NÚMERO DE CONTROL

  • Campo de control: 4510

003 - IDENTIFICADOR DE NÚMERO DE CONTROL

  • Campo de control: OSt

005 - FECHA Y HORA DE LA ULTIMA MODIFICACION

  • Campo de control: 20130917100421.0

008 - ELEMENTOS DE DATOS DE LONGITUD FIJA

  • Campo de longitud fija: 130905|| aca||aabn | a|a d

040 ## - FUENTE DE LA CATALOGACIÓN

  • Agencia original de catalogación: OSt

100 1# - ENCABEZAMIENTO--NOMBRE DE PERSONA

  • Nombre personal: Samayoa, Joaquín

670 ## - FUENTE DE DATOS ENCONTRADOS

  • Fuente de citación: Psicologia social de la guerra: trauma y terapia. 2000